Music Quiz

Random Music or Song Quiz

Name the Lyrics (Muse) Quiz Stats

 Plays Quiz not verified by Sporcle

Score 0/203 Timer 08:00
1 Play Today
% Correct
And
97.1%
the
96.9%
The
96.9%
the
96.9%
the
96.9%
and
96.9%
and
96.9%
and
96.9%
and
96.9%
and
96.9%
the
96.9%
the
96.9%
And
96.9%
and
96.9%
and
96.9%
and
96.9%
and
96.9%
I
95.7%
I
95.6%
I
95.6%
I
95.6%
I
95.6%
I
95.6%
I
95.6%
I
95.6%
away.
91.4%
fade
90%
you
88.5%
you
88.5%
You
88.5%
you
88.5%
you
88.5%
you
88.5%
you
88.5%
you
88.5%
you
88.5%
you
88.5%
you
88.5%
me
79.5%
me
79.5%
is
76.9%
is
76.9%
be
75.9%
the
75.7%
to
75.7%
to
75.7%
to
75.7%
to
75.7%
to
75.7%
to
75.7%
to
75.7%
to
75.7%
The
74.4%
the
74.4%
in
74.3%
in
74.3%
in
74.3%
in
74.3%
in
74.3%
in
74.3%
will
73.3%
my
72%
my
72%
my
72%
My
72%
my
72%
my
72%
my
72%
% Correct
my
72%
my
72%
of
70.6%
of
70.6%
of
70.6%
it
69.5%
if
69.3%
if
69.3%
If
69.3%
if
69.3%
if
69.3%
who
66.1%
who
66.1%
from
64.7%
from
64.7%
life.
63.9%
life
63.9%
life.
63.9%
live
63.7%
live
63.7%
away
63.7%
away.
63.7%
away
63.7%
or
63.7%
away,
63.7%
away.
63.7%
away
63.7%
away.
63.7%
away
63.7%
or
63.7%
away,
63.7%
starlight
63.5%
starlight
63.5%
go.
63.4%
go
63.4%
die.
63.2%
die
63.2%
die.
63.2%
Far
62.3%
far
62.3%
Far
62.3%
Far
62.3%
far
62.3%
Far
62.3%
a
61.9%
don't
61.3%
care
61.2%
care
61.2%
ship
60.7%
people
60.7%
ship
60.7%
people
60.7%
not
60.6%
not
60.6%
just
60.5%
just
60.5%
just
60.5%
just
60.5%
Just
60.5%
memories
59.8%
memories
59.8%
taking
59.3%
taking
59.3%
know
59.1%
let
58.7%
let
58.7%
Hold
58.4%
hold
58.4%
% Correct
Our
58.4%
Our
58.4%
Hold
58.4%
hold
58.4%
our
58.4%
Our
58.4%
Hold
58.4%
hold
58.4%
hold.
58.4%
arms.
57.7%
arms.
57.7%
arms,
57.7%
arms.
57.7%
arms.
57.7%
arms.
57.7%
end
57.3%
never
57.1%
never
57.1%
never
57.1%
never
57.1%
its
55.8%
Black
55.6%
Black
55.6%
Black
55.6%
Black
55.6%
wanted
54.5%
wanted
54.5%
wanted
54.5%
wanted
54.5%
that
54.5%
all
54.4%
I'll
54.3%
I'll
54.3%
chasing
54.1%
holes
54%
holes
54%
holes
54%
holes
54%
revelations
53.5%
revelations.
53.5%
revelations,
53.5%
revelations.
53.5%
anymore.
52.8%
hopes
52.4%
hopes
52.4%
hopes
52.4%
hopes
52.4%
expectations
52%
expectations
52%
expectations
52%
expectations
52%
fade
52%
fade
52%
fade
52%
feel
51.8%
promise
51.7%
worth
51.7%
electrify
51.4%
until
50.6%
alive.
48.9%
would
47.3%
promised
46.4%
conspire
45.3%
Let's
45%
souls
44%
ignite
28.4%
Now
21.6%

You're not logged in!

Compare scores with friends on all Sporcle quizzes.
OR
Log In

You Might Also Like...

Show Comments

Extras

Created Jun 23, 2010ReportNominate
Tags:Lyrics Quiz, Song Quiz, muse

Top Quizzes Today


Score Distribution

Your Account Isn't Verified!

In order to create a playlist on Sporcle, you need to verify the email address you used during registration. Go to your Sporcle Settings to finish the process.

Report this User

Report this user for behavior that violates our Community Guidelines.

Details: